Plant pathology: Techniques and protocols (Record no. 42990)

MARC details
000 -LEADER
fixed length control field 00480nam a2200169Ia 4500
020 ## - INTERNATIONAL STANDARD BOOK NUMBER
ISBN 9.78818E+12
082 ## - DEWEY DECIMAL CLASSIFICATION NUMBER
Classification number 581.1:577.2
Item number BUR
100 ## - MAIN ENTRY--AUTHOR NAME
Personal name Burns, Robert
245 #0 - TITLE STATEMENT
Title Plant pathology: Techniques and protocols
260 ## - PUBLICATION, DISTRIBUTION, ETC. (IMPRINT)
Place of publication New York
Name of publisher Humana Press
Year of publication 2009
490 ## - SERIES STATEMENT
Series statement Methods in molecular biology
650 ## - SUBJECT ADDED ENTRY--TOPICAL TERM
Topical Term PCR detection
650 ## - SUBJECT ADDED ENTRY--TOPICAL TERM
Topical Term Plant pathogenic bacteria
650 ## - SUBJECT ADDED ENTRY--TOPICAL TERM
Topical Term Polymerase chain reaction
942 ## - ADDED ENTRY ELEMENTS (KOHA)
Koha item type Books
Holdings
Withdrawn status Lost status Damaged status Not for loan Home library Current library Date acquired Cost, normal purchase price Full call number Accession Number Koha item type
        RRII Library RRII Library 16/12/2021 1595.00 581.1:577.2 BUR 23254 Books